000 01624cam a2200337 a 4500
001 15099161
005 20081007135015.0
008 071130s2008 enka b 001 0 eng
010 _a 2007048699
020 _a9780273713159 (alk. paper)
020 _a0273713159 (alk. paper)
035 _a(OCoLC)182779455
035 _a(OCoLC)ocn182779455
040 _aDLC
_cDLC
_dBAKER
_dBWKUK
_dBWK
_dNLGGC
_dYDXCP
_dDLC
050 0 0 _aHD45
_b.T76 2008
100 1 _aTrott, Paul.
245 1 0 _aInnovation management and new product development /
_cPaul Trott.
250 _a4th ed.
260 _aHarlow, England ;
_aNew York :
_bFinancial Times/Prentice Hall,
_c2008.
300 _axxvii, 581 p. :
_bill. ;
_c25 cm.
504 _aIncludes bibliographical references and index.
650 0 _aTechnological innovations
_xManagement.
650 0 _aIndustrial management.
650 0 _aProduct management.
906 _a7
_bcbc
_corignew
_d1
_eecip
_f20
_gy-gencatlg
942 _2lcc
_cBK
999 _c34866
_d34866